Statistics for Top 10 Most Densely-Populated Countries in Europe

Click here to take the quiz!

General Stats

  • This quiz has been taken 80,658 times
    (80,579 since last reset)
  • The average score is 8 of 10

Answer Stats

DensityCountry% Correct
17,822Monaco
90%
2,273Vatican City
90%
253Luxembourg
87%
282United Kingdom
86%
557San Marino
85%
250Liechtenstein
84%
383Belgium
81%
425Netherlands
81%
233Germany
78%
1,693Malta
73%

Score Distribution

Percentile by Number Answered

Percent of People with Each Score

Your Score History

You have not taken this quiz since the last reset